[Event "20th Dortmund Meeting"]
[Site "Dortmund GER"]
[Date "1992.??.??"]
[Round "1"]
[White "Kamsky, Gata"]
[Black "Piket, Jeroen"]
[WhiteElo "2655"]
[BlackElo "2615"]
[Result "1/2-1/2"]
[EventDate "1992.04.16"]
[PlyCount "113"]

1.e4 d6 2.d4 Nf6 3.Nc3 g6 4.Nf3 Bg7 5.Be2 O-O 6.O-O c6 7.Re1 Nbd7 8.Bf4 
Qa5 9.Qd2 e5 10.Bh6 exd4 11.Nxd4 Nxe4 12.Nxe4 Qxd2 13.Bxd2 d5 14.Bb4 Rd8 
15.Nxc6 bxc6 16.Nc3 a5 17.Ba3 Nb6 18.Be7 Re8 19.Bc5 Nd7 20.Ba3 Ne5 21.Na4 
Bf5 22.c3 h5 23.h3 Bh6 24.Bf1 Nd7 25.Bd6 Bc2 26.b3 Bd2 27.Rxe8+ Rxe8 28.
Bc7 Nf6 29.f3 h4 30.Bb6 Nh5 31.Bf2 g5 32.Nc5 Nf4 33.a3 Bxc3 34.Rc1 Ne2+ 
35.Bxe2 Rxe2 36.Kf1 Bb2 37.Kxe2 Bxc1 38.b4 a4 39.Be3 Bxa3 40.Kd2 Bf5 41.
Kc3 d4+ 42.Bxd4 Bc1 43.Nxa4 Bc8 44.Nc5 Bf4 45.Kd3 Kh7 46.Be3 Bxe3 47.Kxe3 
Kg6 48.Nb3 Be6 49.Na5 Bd5 50.Kd4 g4 51.b5 Bxf3 52.bxc6 gxh3 53.gxf3 h2 54.
c7 h1=Q 55.c8=Q Qa1+ 56.Ke3 Qe5+ 57.Kf2 1/2-1/2

[Event "20th Dortmund Meeting"]
[Site "Dortmund GER"]
[Date "1992.??.??"]
[Round "3"]
[White "Shirov, Alexei"]
[Black "Adams, Michael"]
[WhiteElo "2655"]
[BlackElo "2620"]
[Result "1/2-1/2"]
[EventDate "1992.04.16"]
[PlyCount "53"]

1.d4 Nf6 2.c4 c5 3.d5 b5 4.cxb5 a6 5.e3 axb5 6.Bxb5 Qa5+ 7.Nc3 Bb7 8.Ne2 
Nxd5 9.O-O Nxc3 10.Nxc3 e6 11.a4 Nc6 12.e4 Be7 13.Bf4 Qd8 14.Qd3 O-O 15.
Rad1 Nd4 16.Be5 Bf6 17.Bd6 Be7 18.Be5 Bf6 19.Bd6 Be7 20.Qg3 f5 21.exf5 
Rxf5 22.Bxe7 Qxe7 23.Qc7 Nf3+ 24.Kh1 Rh5 25.h3 Rxh3+ 26.gxh3 Qh4 27.Qg3 
1/2-1/2

[Event "20th Dortmund Meeting"]
[Site "Dortmund GER"]
[Date "1992.??.??"]
[Round "6"]
[White "Adams, Michael"]
[Black "Piket, Jeroen"]
[WhiteElo "2620"]
[BlackElo "2615"]
[Result "1/2-1/2"]
[EventDate "1992.04.16"]
[PlyCount "65"]

1.e4 e5 2.Nf3 Nc6 3.d4 exd4 4.Nxd4 Nf6 5.Nc3 Bb4 6.Nxc6 bxc6 7.Bd3 O-O 8.
O-O d5 9.exd5 cxd5 10.Bg5 c6 11.Qf3 Bd6 12.Na4 Re8 13.h3 Qa5 14.Bxf6 Qxa4 
15.b3 Qf4 16.Qxf4 Bxf4 17.Bd4 Bd6 18.Rfe1 Rxe1+ 19.Rxe1 Be6 20.c4 dxc4 21.
Bxc4 Bxc4 22.bxc4 Kf8 23.Rd1 Rd8 24.Kf1 Be7 25.Ke2 a6 26.Rd3 g6 27.g4 Ke8 
28.Ke3 c5 29.Be5 Rxd3+ 30.Kxd3 Kd7 31.Ke4 Ke6 32.Bf4 Bh4 33.Be3 1/2-1/2

[Event "20th Dortmund Meeting"]
[Site "Dortmund GER"]
[Date "1992.??.??"]
[Round "9"]
[White "Bareev, Evgeny"]
[Black "Adams, Michael"]
[WhiteElo "2635"]
[BlackElo "2620"]
[Result "1/2-1/2"]
[EventDate "1992.04.16"]
[PlyCount "87"]

1.d4 Nf6 2.Nf3 e6 3.c4 Bb4+ 4.Nbd2 O-O 5.a3 Be7 6.e4 d5 7.Qc2 dxe4 8.Nxe4 
Nc6 9.Bd3 Nxe4 10.Bxe4 Nxd4 11.Nxd4 Qxd4 12.Be3 Qe5 13.Bxh7+ Kh8 14.Bd3 
Bc5 15.O-O Bd6 16.g3 Qh5 17.c5 Be7 18.Be2 Qf5 19.Bd3 Qh5 20.c6 Bd6 21.Be4 
b6 22.f4 Ba6 23.Rf2 Rae8 24.Rd1 Bc8 25.Qa4 b5 26.Qb3 a6 27.Re1 Kg8 28.Kg2 
Rd8 29.Qc3 Rfe8 30.b4 Qg4 31.Ba7 f6 32.h3 Qh5 33.Rf3 Be7 34.g4 Qf7 35.Bc2 
Rd6 36.Bb3 f5 37.g5 Red8 38.Rfe3 Kh7 39.R1e2 Bf8 40.Qe1 Rxc6 41.Bxe6 Bxe6 
42.Rxe6 Rxe6 43.Rxe6 Rd2+ 44.Kg3 1/2-1/2